000 00743nam a22001577a 4500
005 20260123084515.0
008 230721b ||||| |||| 00| 0 eng d
040 _cSSBUL
_dSSBUL
082 _223
_a၉၅၉.၁ တ ၁၆၀၅၀ (S-SAT)
245 _aတရုတ်ဖြူကျုးကျော်မှုနှင့် နယ်ချဲ့အန္တရာယ် /
260 _aရန်ကုန်၊
_bတိုင်းကျော်ပုံနှိပ်တိုက်၊
_c၁၉၆၁။
300 _a၈၀ စာမျက်နှာ၊
_c၁၈ စင်တီ။
500 _aS-SAT: Dr. Prof Sai Aung Tun
650 _aမြန်မာနိုင်ငံ
_xသမိုင်း။
_912821
942 _2ddc
_cBK1
999 _c27381
_d27381